000 00647nam a2200217Ia 4500
003 GCL
008 140319s9999 xx 000 0 ara d
020 _a8595414977
040 _aGCL /
_cGCL
082 0 4 _a813.01
_bل ع
100 1 _aلوسى يعقوب
245 1 0 _aالعذاب والصمت /
_cلوسى يعقوب
250 _aالاولى
260 _aالقاهرة :
_bنادى القصة ،
_c2004
300 _a144 ص ؛
_c20 سم
490 _aالكتاب الفضى
_v0
650 0 4 _aالادب العربى
650 0 4 _aالقصة القصيرة
650 0 4 _aالقصص العربية - مجموعات
942 _2ddc
_cBK
999 _c8891
_d8891